Medagliere Olimpiadi estive Atene 2004 - Statistics

Statistiche generali
  • Questo quiz è stato fatto 6 volte
  • Il punteggio medio è 8 su 10
Statistiche sulle risposte
Medaglie d'Oro Medaglie d'Argento Medaglie di Bronzo Medaglie complessive Rappresentativa olimpica % Corretto
32 17 14 63 Cina
100%
10 11 11 32 Italia
100%
28 26 36 90 Russia
100%
36 39 26 101 Stati Uniti
100%
11 9 13 33 Francia
80%
13 16 20 49 Germania
80%
16 9 12 37 Giappone
80%
17 16 17 50 Australia
60%
9 12 9 30 Corea del Sud
60%
9 9 12 30 Gran Bretagna
40%
Nessun quiz corrispondente trovato
Distribuzione punteggi
Percentuale di utenti per punteggio
Percentile per numero di risposta
I tuoi punteggi nel tempo
Non hai fatto questo quiz